जलियांवाला बाग़ / (Record no. 71761)

MARC details
000 -LEADER
fixed length control field 01129nam a22002777a 4500
005 - DATE AND TIME OF LATEST TRANSACTION
control field 20121130155858.0
008 - FIXED-LENGTH DATA ELEMENTS--GENERAL INFORMATION
fixed length control field 090408t xxu||||| |||| 00| 0 hin d
010 ## - LCCN (DPL NO)
LC control number HIN-97520
020 ## - INTERNATIONAL STANDARD BOOK NUMBER
Terms of availability 120.00
International Standard Book Number 97881904909348
035 ## - SYSTEM CONTROL NUMBER
System control number HN-69866
037 ## - SOURCE OF ACQUISITION
Source of stock number/acquisition DBAD / PUB
040 ## - CATALOGING SOURCE
Original cataloging agency DPL
Language of cataloging HN
082 ## - DEWEY DECIMAL CLASSIFICATION NUMBER
Classification number 822
100 ## - MAIN ENTRY--PERSONAL NAME
9 (RLIN) 27482
Personal name शर्मा, रामदुलारी
245 ## - TITLE STATEMENT
Title जलियांवाला बाग़ /
Statement of responsibility, etc रामदुलारी शर्मा
260 ## - PUBLICATION, DISTRIBUTION, ETC. (IMPRINT)
Name of publisher, distributor, etc राजेश्वरी प्रकाशन
Date of publication, distribution, etc 2012
Place of publication, distribution, etc गुना (म.प्र.)
270 ## - ADDRESS
Address भार्गव कॉलोनी
City गुना (म.प्र.)
Postal code 473001
Telephone number 9827201609
300 1# - PHYSICAL DESCRIPTION
Extent 88पृ.
Dimensions 22सेमी (सजिल्द)
650 ## - SUBJECT ADDED ENTRY--TOPICAL TERM
9 (RLIN) 1169
Topical term or geographic name as entry element हिन्दी नाटक
650 ## - SUBJECT ADDED ENTRY--TOPICAL TERM
Topical term or geographic name as entry element Hindi Play
9 (RLIN) 53964
700 ## - ADDED ENTRY--PERSONAL NAME
9 (RLIN) 27483
710 ## - ADDED ENTRY--CORPORATE NAME
9 (RLIN) 52094
711 ## - ADDED ENTRY--MEETING NAME
9 (RLIN) 52444
942 ## - ADDED ENTRY ELEMENTS (KOHA)
Institution code [OBSOLETE] dpl
Item type Hindi Books
Source of classification or shelving scheme Dewey Decimal Classification
Call number suffix शर्मारा
Classification part 822
Holdings
Withdrawn status Lost status Source of classification or shelving scheme Damaged status Not for loan Collection code Home library Current library Date acquired Source of acquisition Cost, normal purchase price Total Checkouts Full call number Barcode Date last seen Copy number Cost, replacement price Koha item type
    Dewey Decimal Classification   Not For Loan Non-fiction D.B.Act.Division D.B.Act.Division 30/11/2012 DBAD / PUB 120.00   822 शर्मारा HN-69866 30/11/2012 1 120.00 Hindi Books

© Delhi Public Library
Hit Counter
free hit counter